Taxing Energy Use 2018 Companion to the Taxing Energy Use Database
Guardado en:
| Formato: | Libro |
|---|---|
| Lenguaje: | inglés |
| Publicado: |
Paris
OECD
2018
|
| Materias: | |
| Etiquetas: |
Sin Etiquetas, Sea el primero en etiquetar este registro!
|
MARC
| LEADER | 00000nam a2200000 4500 | ||
|---|---|---|---|
| 001 | 0242979 | ||
| 005 | 20221220065904.7 | ||
| 020 | |a 978-92-64-28943-7 | ||
| 041 | 0 | |a eng | |
| 044 | |a FR | ||
| 245 | 1 | 0 | |a Taxing Energy Use 2018 |b Companion to the Taxing Energy Use Database |
| 264 | 1 | |a Paris |b OECD |c 2018 | |
| 300 | |a 53 s. | ||
| 610 | 2 | 0 | |a spotreba energie |
| 610 | 2 | 0 | |a zdaňovanie |
| 610 | 2 | 0 | |a dane spotrebné |
| 610 | 2 | 0 | |a emisie |
| 610 | 2 | 0 | |a palivá |
| 610 | 2 | 0 | |a porovnanie štatistické medzinárodné |